| 000 | 00522nam a22002057a 4500 | ||
|---|---|---|---|
| 999 |
_c5877 _d5877 |
||
| 003 | OSt | ||
| 005 | 20211124113010.0 | ||
| 008 | 171122b xxu||||| |||| 00| 0 eng d | ||
| 020 | _a0321314859 | ||
| 040 | _cDDC | ||
| 082 | _a512.5 LAY 2004 | ||
| 100 |
_aLay, David C. _96217 |
||
| 245 | _aLinear Algebra: and its applications | ||
| 250 | _a3rd ed. | ||
| 260 | _aBoston; Pearson, 2004 | ||
| 300 | _a576p; col.ill: 25cm | ||
| 504 | _aAppendix, & index included | ||
| 650 |
_aLinear Algebra _93634 |
||
| 942 |
_2z _cB_BANK |
||